000 00813cad a22002055a 4500
001 L150857
008 100908s2010 xxk f 000 0 eng d
035 _a(Sirsi) u150857
041 0 _aeng
050 0 4 _a658.404 $2 18
110 2 _aGreat Britain
_bHealth and Safety Executive
245 0 0 _aConstruction design and management (CDM)
_h[electronic resource]
260 _aLondon
_bHSE
_c[2010?]
520 _aHealth and safety responsibilities of site work; need for planning and organisation before work begins; complying with Construction (Design and Management) Regulations 2007 [1] (CDM).
590 _aKA NTK
651 4 _aUnited Kingdom
_y
690 _aHealth and safety
_96244
856 4 8 _uhttps://www.hse.gov.uk/construction/cdm.htm
_zView the website free of charge at www.hse.gov.uk
942 _n0
999 _c120878
_d120878